书目信息 |
| 题名: |
昆虫学
|
|
| 作者: | 长沙农业学校 编 | |
| 分册: | ||
| 出版信息: | 北京 农业出版社 1961.8 |
|
| 页数: | 345页 | |
| 开本: | 20cm | |
| 丛书名: | ||
| 单 册: | ||
| 中图分类: | S186 | |
| 科图分类: | ||
| 主题词: | ||
| 电子资源: | ||
| ISBN: | ||
| 000 | 00441nam0 2200169 45 | |
| 001 | 0181011801 | |
| 005 | 20061122153909.17 | |
| 010 | @dCNY0.50 | |
| 100 | @a20810111d km y0chiy0120 ea | |
| 101 | 0 | @achi |
| 200 | 1 | @Akun chong xue@Fchang sha nong ye xue xiao@a昆虫学@f长沙农业学校编 |
| 210 | @a北京@c农业出版社@d1961.8 | |
| 215 | @a345页@d20cm | |
| 690 | @aS186 | |
| 701 | 0 | @a长沙农业学校@4编 |
| 801 | @aCN@bTSTC@c20061122 | |
| 905 | @dS186@e11 | |
| 昆虫学/长沙农业学校编.-北京:农业出版社,1961.8 |
| 345页;20cm |
| ISBN :CNY0.50 |
| ● |
| 相关链接 |
|
|
|
|
正题名:昆虫学
索取号:S186/11
 
预约/预借
| 序号 | 登录号 | 条形码 | 馆藏地/架位号 | 状态 | 备注 |
| 1 | 0229022 | 202099914 | 第二样本阅览室/ [索取号:S186/11] | 在馆 | |
| 2 | 0439259 | 204392594 | 密集书库/ [索取号:S186/11] | 在馆 |